Football Clubs Sergio Agüero Played For - Statistics

General Stats
  • This quiz has been taken 697 times
    402 since last reset
  • The average score is 4 of 5
Answer Stats
Years Club % Correct
2011-2021 Manchester City
99%
2021 Barcelona
96%
2006-2021 Argentina
95%
2006-2011 Atlético Madrid
85%
2003-2006 Independiente
34%
No matching quizzes found
Score Distribution
Percent of People with Each Score
Percentile by Number Answered
Your Score History
You have not taken this quiz since the last reset